[Event "BCF-ch 103rd Seniors 65 U150/1750"]
[Site "Bournemouth"]
[Date "2016.08.04"]
[Round "4"]
[White "Mitchell, Robert2"]
[Black "Leggett, Peter AW"]
[Result "1-0"]
[WhiteElo "1622"]
[BlackElo "1341"]
[PlyCount "101"]
[EventDate "2016.08.01"]
[EventType "swiss"]
[EventRounds "5"]
[EventCountry "ENG"]
[SourceTitle "EXT 2019"]
[Source "ChessBase"]
[SourceDate "2018.10.10"]
[SourceVersion "1"]
[SourceVersionDate "2018.10.10"]
[SourceQuality "1"]

1. d4 Nf6 2. Bf4 e6 3. Nf3 c5 4. e3 d5 5. c3 Bd6 6. Ne5 0-0 7. Nd2 b6 8. Bd3 Qc7 9. Ndf3 Ba6 10. 0-0 Ne4 11. Bxa6 Nxa6 12. Nd2 f6 13. Nxe4 dxe4 14. Nc4 Bxf4 15. exf4 Qxf4 16. Ne3 Rad8 17. Qa4 cxd4 18. cxd4 Nb8 19. Rad1 Rf7 20. b4 Qc7 21. b5 Qb7 22. Qb3 Re7 23. Rd2 f5 24. Nxf5 Ree8 25. Ne3 Kh8 26. Rfd1 Nd7 27. Qc4 Rc8 28. Qe2 Nf6 29. d5 exd5 30. Nxd5 Nxd5 31. Rxd5 Qe7 32. Rd7 Qc5 33. Qb2 Qg5 34. h3 e3 35. Rxa7 exf2+ 36. Qxf2 Rc1 37. Rf1 Rxf1+ 38. Qxf1 Qc5+ 39. Kh1 Qe5 40. Rf7 h6 41. Rf5 Qg3 42. Rf8+ Rxf8 43. Qxf8+ Kh7 44. Qf5+ Kg8 45. Qe6+ Kh7 46. Qxb6 Qe1+ 47. Qg1 Qe6 48. Qb1+ Kh8 49. b6 Qd6 50. b7 Qb8 51. a4 1-0

[Event "BCF-ch Seniors 65 U150"]
[Site "Coventry"]
[Date "2015.08.06"]
[Round "4"]
[White "Leggett, Peter AW"]
[Black "Chadaway, Stephen M"]
[Result "0-1"]
[WhiteElo "1361"]
[BlackElo "142"]
[PlyCount "122"]
[EventDate "2015.08.03"]
[EventType "swiss"]
[EventRounds "5"]
[EventCountry "ENG"]
[SourceTitle "CBM 167 Extra"]
[Source "ChessBase"]
[SourceDate "2015.09.14"]
[SourceVersion "1"]
[SourceVersionDate "2015.09.14"]
[SourceQuality "1"]

1. d4 Nf6 2. Nf3 d5 3. Bf4 e6 4. e3 Bd6 5. Bxd6 cxd6 6. Be2 Nc6 7. 0-0 a6 8. c4 dxc4 9. Bxc4 d5 10. Be2 0-0 11. Nc3 b5 12. a3 Bb7 13. Na2 Rc8 14. Rc1 Qd6 15. b4 Ne4 16. Ne1 f5 17. Nd3 Rc7 18. Qe1 Rfc8 19. f3 Nf6 20. Nc5 Nd7 21. Qg3 Qe7 22. f4 Nb6 23. Nc3 Nd7 24. Na2 Nxc5 25. Rxc5 Nd8 26. Rfc1 Bc6 27. R5c3 Nb7 28. Qe1 Nd6 29. Bd3 Be8 30. Rxc7 Rxc7 31. Rc3 Rxc3 32. Qxc3 Nc4 33. Bxc4 dxc4 34. Nc1 Bc6 35. Ne2 Qh4 36. Ng3 h6 37. Qc1 Qd8 38. Qc2 Qh4 39. Qe2 g6 40. Qf2 Kf7 41. Ne2 Qh5 42. Qe1 g5 43. Qf2 Kf6 44. Qf1 g4 45. Ng3 Qg6 46. Kf2 h5 47. h3 h4 48. Ne2 Qh5 49. Ke1 g3 50. Ng1 Be4 51. Kd2 Qh8 52. Kc3 Qa8 53. Qd1 Kg6 54. a4 Bxg2 55. a5 Be4 56. Qe1 Bb7 57. Qd1 Qd8 58. Nf3 Bxf3 59. Qxf3 Qd5 60. Qd1 Qe4 61. Kd2 Qd3+ 0-1

[Event "BCF-ch Week1 PM op"]
[Site "Aberystwyth"]
[Date "2014.07.25"]
[Round "5"]
[White "Calvert, John C"]
[Black "Leggett, Peter AW"]
[Result "1/2-1/2"]
[WhiteElo "1555"]
[BlackElo "1388"]
[PlyCount "55"]
[EventDate "2014.07.21"]
[EventType "swiss"]
[EventRounds "5"]
[EventCountry "WLS"]
[SourceTitle "EXT 2017"]
[Source "ChessBase"]
[SourceDate "2016.10.25"]
[SourceVersion "1"]
[SourceVersionDate "2016.10.25"]
[SourceQuality "1"]

1. e4 Nc6 2. Nf3 Nf6 3. Nc3 d5 4. e5 Ng4 5. d4 Nh6 6. h3 e6 7. a3 Bd7 8. Be2 Nf5 9. Bf4 h6 10. Qd2 Be7 11. 0-0-0 a6 12. Na4 Nh4 13. Rdg1 Na7 14. Nc3 Bc6 15. g3 Nxf3 16. Bxf3 Qd7 17. h4 0-0-0 18. g4 Nb5 19. Nxb5 Bxb5 20. Be2 Bc4 21. h5 Rdf8 22. Bxc4 dxc4 23. c3 f6 24. Be3 Qd5 25. f4 f5 26. Qg2 Rhg8 27. Qxd5 exd5 28. Kc2 1/2-1/2

[Event "BCF-ch Week1 PM op"]
[Site "Aberystwyth"]
[Date "2014.07.23"]
[Round "3"]
[White "Leggett, Peter AW"]
[Black "Gergelova, Monika"]
[Result "0-1"]
[WhiteElo "1388"]
[BlackElo "1268"]
[PlyCount "132"]
[EventDate "2014.07.21"]
[EventType "swiss"]
[EventRounds "5"]
[EventCountry "WLS"]
[SourceTitle "EXT 2017"]
[Source "ChessBase"]
[SourceDate "2016.10.25"]
[SourceVersion "1"]
[SourceVersionDate "2016.10.25"]
[SourceQuality "1"]

1. d4 Nf6 2. Nf3 e6 3. e3 d5 4. Nbd2 Bd6 5. Bd3 Nbd7 6. Qe2 0-0 7. e4 e5 8. c3 Re8 9. 0-0 c5 10. dxc5 Nxc5 11. Bc2 Ncxe4 12. Nxe4 Nxe4 13. Bxe4 dxe4 14. Qxe4 Rb8 15. Be3 b6 16. Ng5 g6 17. Qc4 Be6 18. Nxe6 Rxe6 19. Rad1 Rc8 20. Qb3 Qe7 21. Rd2 Rd8 22. Qd1 Kg7 23. Qe2 f5 24. Rd5 f4 25. Bc1 e4 26. g3 f3 27. Qe3 Kg8 28. Qd4 Re5 29. Bf4 Rxd5 30. Qxd5+ Kg7 31. Bg5 Bc7 32. Qb7 Qxg5 33. Qxc7+ Kh6 34. h4 Qd2 35. Qf4+ Qxf4 36. gxf4 Rd2 37. Re1 Re2 38. Rd1 Rxb2 39. Rd4 Re2 40. Kf1 Kh5 41. Rd7 h6 42. Rxa7 Kxh4 43. Rg7 Kh5 44. Re7 Kg4 45. Rf7 Rxa2 46. Kg1 Rc2 47. Rf6 Rxc3 48. Rxg6+ Kxf4 49. Rxh6 Rb3 50. Rh4+ Ke5 51. Kh2 Kd4 52. Kg3 Kd3 53. Rf4 b5 54. Rf5 Rb4 55. Re5 Ke2 56. Rf5 Rb1 57. Re5 Kd3 58. Kf4 Ke2 59. Kg3 Rg1+ 60. Kf4 Kxf2 61. Rxe4 Kg2 62. Re3 f2 63. Rg3+ Kf1 64. Rb3 Ke2 65. Re3+ Kd2 66. Rf3 f1Q 0-1

[Event "Gatwick e2e4 Major op"]
[Site "Gatwick"]
[Date "2013.10.30"]
[Round "8"]
[White "Leggett, Peter AW"]
[Black "Finn, Daniel"]
[Result "1/2-1/2"]
[WhiteElo "1160"]
[BlackElo "1464"]
[PlyCount "44"]
[EventDate "2013.10.26"]
[EventType "swiss"]
[EventRounds "9"]
[EventCountry "ENG"]
[SourceTitle "EXT 2015"]
[Source "ChessBase"]
[SourceDate "2014.11.20"]
[SourceVersion "1"]
[SourceVersionDate "2014.11.20"]
[SourceQuality "1"]

1. d4 d5 2. Nf3 Nf6 3. e3 e6 4. Bd3 c5 5. c3 Bd6 6. Nbd2 Nc6 7. a3 0-0 8. 0-0 Re8 9. Re1 Bd7 10. e4 dxe4 11. Nxe4 Nxe4 12. Bxe4 cxd4 13. Nxd4 Nxd4 14. Qxd4 Qc7 15. g3 Bc5 16. Qd1 Red8 17. Qf3 Rab8 18. b4 Bb6 19. Bf4 Qc4 20. Bxb8 Rxb8 21. Qd3 Qc7 22. Bxh7+ Kh8 1/2-1/2

[Event "Gatwick e2e4 Seniors"]
[Site "Gatwick"]
[Date "2013.10.29"]
[Round "2"]
[White "Hadfield, Roy W"]
[Black "Leggett, Peter AW"]
[Result "1-0"]
[WhiteElo "1584"]
[BlackElo "1160"]
[PlyCount "101"]
[EventDate "2013.10.27"]
[EventType "tourn"]
[EventRounds "3"]
[EventCountry "ENG"]
[SourceTitle "EXT 2015"]
[Source "ChessBase"]
[SourceDate "2014.11.20"]
[SourceVersion "1"]
[SourceVersionDate "2014.11.20"]
[SourceQuality "1"]

1. d4 Nf6 2. Bg5 h6 3. Bh4 g5 4. Bg3 Bg7 5. e3 d6 6. Bd3 Nh5 7. Ne2 Be6 8. c4 c6 9. Nd2 Nd7 10. Nc3 Nxg3 11. hxg3 Nb6 12. Qc2 Qd7 13. a3 0-0-0 14. d5 cxd5 15. cxd5 Nxd5 16. Nxd5+ Kb8 17. Nc3 Rc8 18. a4 Qc7 19. Rc1 Qb6 20. 0-0 Rc7 21. Rb1 Rhc8 22. Qd1 Qb4 23. Nb5 Rc5 24. Ne4 Bb3 25. Qe2 Rd5 26. Nec3 a6 27. Nxd5 Bxd5 28. Nc3 Be6 29. Ra1 Rc6 30. Rfb1 Qa5 31. Ra3 Rb6 32. Raa1 Rc6 33. Qe1 Qc5 34. Rc1 Qb4 35. Qe2 Bxc3 36. bxc3 Rxc3 37. Rcb1 Qc5 38. Bxa6 Bb3 39. Bd3 Qc6 40. a5 Ka7 41. a6 b6 42. Bb5 Qc5 43. Bd3 Qc6 44. f3 Qd5 45. Be4 Qc5 46. Re1 f5 47. Bd3 Qd5 48. Bb5 Rc2 49. Qd3 Qc5 50. Qxb3 Qc7 51. Qd5 1-0

[Event "Brighton e2e4 Major"]
[Site "Brighton"]
[Date "2013.02.19"]
[Round "7"]
[White "Nayak, Raghav"]
[Black "Leggett, Peter AW"]
[Result "1-0"]
[WhiteElo "1582"]
[BlackElo "1262"]
[PlyCount "97"]
[EventDate "2013.02.16"]
[EventType "swiss"]
[EventRounds "9"]
[EventCountry "ENG"]
[SourceTitle "EXT 2014"]
[Source "ChessBase"]
[SourceDate "2013.11.20"]
[SourceVersion "1"]
[SourceVersionDate "2013.11.20"]
[SourceQuality "1"]

1. e4 Nc6 2. Nc3 e6 3. d3 e5 4. Nf3 d6 5. d4 Bg4 6. dxe5 Bxf3 7. Qxf3 Nxe5 8. Qd1 g6 9. Be2 Bg7 10. Be3 Nf6 11. Qd2 0-0 12. f4 Ned7 13. 0-0-0 a6 14. g4 Qe7 15. Bf3 Rad8 16. g5 Nxe4 17. Nxe4 Nc5 18. Nxc5 dxc5 19. Qf2 b6 20. Rxd8 Rxd8 21. Rd1 Rd6 22. Rxd6 cxd6 23. Qe2 Qd7 24. Qxa6 Qh3 25. Qe2 Qd7 26. Bd2 Qa4 27. Qe4 Qxa2 28. Qa8+ Qxa8 29. Bxa8 Kf8 30. Bc3 Bxc3 31. bxc3 Ke7 32. Kd2 Ke6 33. Ke3 d5 34. Bc6 f5 35. gxf6 Kxf6 36. Bxd5 h6 37. Be4 Kg7 38. Kd3 g5 39. fxg5 hxg5 40. h3 Kf6 41. Kc4 Ke5 42. Bf3 Kf4 43. Bd1 Ke3 44. Kb5 Kd2 45. Kxb6 Kxd1 46. Kxc5 Ke2 47. Kd5 Kf3 48. c4 Kg3 49. c5 1-0

[Event "Brighton e2e4 Major"]
[Site "Brighton"]
[Date "2013.02.18"]
[Round "5"]
[White "Leggett, Peter AW"]
[Black "Carr, John W"]
[Result "0-1"]
[WhiteElo "1262"]
[BlackElo "1422"]
[PlyCount "115"]
[EventDate "2013.02.16"]
[EventType "swiss"]
[EventRounds "9"]
[EventCountry "ENG"]
[SourceTitle "EXT 2014"]
[Source "ChessBase"]
[SourceDate "2013.11.20"]
[SourceVersion "1"]
[SourceVersionDate "2013.11.20"]
[SourceQuality "1"]

1. d4 e5 2. d5 Nf6 3. c4 Bb4+ 4. Bd2 Bxd2+ 5. Nxd2 d6 6. Qc2 0-0 7. Ngf3 Re8 8. e4 Nbd7 9. b4 Nf8 10. Be2 Bg4 11. h3 Bxf3 12. Bxf3 Ng6 13. g3 a5 14. b5 b6 15. a4 Nd7 16. Nb3 Rf8 17. 0-0-0 Ne7 18. Rhe1 Nf6 19. Kb1 Ng6 20. Qc1 Re8 21. Rd3 Re7 22. Qd1 Qd7 23. Rh1 Qe8 24. h4 Nf8 25. g4 Ng6 26. Re3 Nd7 27. g5 Ndf8 28. Nc1 Nf4 29. Nd3 Nxd3 30. Rxd3 Ng6 31. Bg4 Nf4 32. Rf3 g6 33. h5 Qf8 34. hxg6 fxg6 35. Rh6 Rg7 36. Be6+ Kh8 37. Qh1 Re8 38. Bg4 Ree7 39. Qh2 Qe8 40. Rh4 Ref7 41. Rc3 Re7 42. f3 Qd8 43. Kc1 Ref7 44. Kd2 Qxg5 45. Kc2 Qd8 46. Re3 Re7 47. Re1 Qf8 48. Rh1 Ref7 49. Qf2 Re7 50. Qf1 Qf6 51. R1h2 Ref7 52. Qh1 Qd8 53. Rh6 Qf6 54. Qg1 Qe7 55. R2h4 Rf8 56. Qh2 Nh5 57. Bf5 gxf5 58. R4xh5 0-1